000 00633nam a22002057a 4500
003 OSt
005 20140310181929.0
008 130722t xxu||||| |||| 00| 0 eng d
050 _aLB 1575.8
_b.B885 1988
082 _aTRE 372.6044
_bB8 1988
100 _aBrownlie, Faye
_92607
245 _aReaching for higher thought: reading,Writing, thinking strategies /
_cBrownlie, Faye
260 _aCanada
_bArnold Publishing Ltd.
_cc1988.
300 _a128 p
_bill. ;
_c28 cm.
520 _aFaculty
541 _j1
562 _e1
650 _aThought and thinking
_xStudy and teaching (Elementary)
_92608
942 _2lcc
_cBK-TR
_kTRE
999 _c7302
_d7302